000 00828nam a22002537a 4500
003 DO-SdBNP
005 20171130093213.0
008 171116b 1987 sp ||||| |||| 00| 0 spa d
020 _a8430515380
040 _aBPMSU
_bspa
_cBPMSU
092 _axxxx
_bxxxx
100 1 _aKeene, Carolyn
245 1 0 _aCargamento secreto /
_cCarolyn Keene y Franklin W. Dixon ; ilustraciones de Paul Frame ; traducción, Federico Sánchez-Ventura.
260 _aMadrid :
_bSusaeta,
_c1987.
300 _a116 p. ;
_c18 cm.
490 1 _aNancy Drew y los Hardy
_v4
700 1 _aDixon, Franklin W.
700 1 2 _aFrame, Paul,
_eil.
700 1 2 _aSánchez-Ventura, Federico
_etr.
830 0 _aNancy Drew y los Hardy
_v4
942 _2ddc
_cBK
945 _aInventariado extranjero / 2017 YL
956 _aLOPEREZ
_b10
_c20171116
_d0041
999 _c12920
_d12920